00520 2200181 4500001002100000005001500021008004100036020001700077035001900094041000800113082001700121084002100138100001100159245009500170260002600265300003000291650001700321INLIS00000000000769020200508204056200508||||||||| | ||| |||| ||eng|| a01-9566655-0 0010-0520007690 aeng0 aReg. 297.273 aReg. 297.273/UND0 aDPR RI00aUndang-undang Republik Indonesia Nomor 19 Tahun 2008 tentang surat berharga syariah negara aJakartabOxfordc2008 a33 hlm.; 15,5 cmc15,5 cm 0aStocks-Islam